000 00657nam a2200217 i 4500
001 56651
003 ES-MaACL
005 20230906163422.0
007 t|
008 031010s1984 fr ||||1| fre d
020 _a2-228-31651-2
100 1 _aDiel, Paul.
_944596
245 1 0 _aPsychologie de la motivation
_b: théorie et application thérapeutique /
_cPaul Diel.
260 _aParís :
_bPayot,
_c[1984]
300 _a326 p. ;
_c18 cm.
490 1 _aPetite bibliothèque Payot ;
_v165
650 0 4 _aMotivación.
_915202
830 0 _aPetite bibliothèque Payot ;
_v165
_9182599
852 _aES-MaACL
_jG-2878
_bR.114301
999 _c56651
_d56651